Principles of economics

Сохранить в:
Библиографические подробности
Главный автор: Robert H. Frank
Формат:
Язык:Undetermined
Опубликовано: Boston McGraw-Hill 2004
Метки: Добавить метку
Нет меток, Требуется 1-ая метка записи!
Thư viện lưu trữ: Trung tâm Học liệu Trường Đại học Cần Thơ
LEADER 00393nam a2200157Ia 4500
001 CTU_65895
008 210402s9999 xx 000 0 und d
020 |b 1688000 
082 |a 330 
082 |b F828 
100 |a Robert H. Frank 
245 0 |a Principles of economics 
260 |a Boston 
260 |b McGraw-Hill 
260 |c 2004 
980 |a Trung tâm Học liệu Trường Đại học Cần Thơ